=LDR 00000nam 2200000 4500 =001 INLIS000000000045655 =005 20251122103914 =035 ##$$a 0010-021500000000215 =008 251122################g##########0#ind## =040 ##$$a NBPDMAT =082 ##$$a 551.6 =090 ##$$a 551.6 $b Ran p =100 ##$$a Rantidyah =245 1#$$a Perubahan iklim : $b Penyebab, dampak, dan solusi /$c Rantidyah; Editor Eko P =250 ##$$a Cet.1 =260 ##$$a Jakarta :$b Vallis Fortuna,$c 2013 =300 ##$$a iv,67 hlm. : $b ilus. ; $c 25x18 cm. =500 ##$$a Bibliografi : hlm.63-64 =500 ##$$a Indeks : hlm.65-68 =650 #4$$a Klimatologi =700 #$$a Eko P =850 ##$$a NBPDMAT =020 ##$$a 978-602-9362-18-3 =084 ##$$a 551.6 RAN p =990 ##$$a 21421667 =990 ##$$a 21421668 =990 ##$$a 21421669 =990 ##$$a 21421670 =990 ##$$a 21421671 =990 ##$$a 0001/BPAP-NTB/2016 =990 ##$$a 0001/BPAP-NTB/2016 =990 ##$$a 21421667 =990 ##$$a 21421668 =990 ##$$a 21421669 =990 ##$$a 21421670 =990 ##$$a 21421671 =990 ##$$a 21421668 =990 ##$$a 21421667 =990 ##$$a 21421669 =990 ##$$a 21421670 =990 ##$$a 21421671 =990 ##$$a 21421669 =990 ##$$a 21421667 =990 ##$$a 21421668 =990 ##$$a 21421670 =990 ##$$a 21421671 =990 ##$$a 21421670 =990 ##$$a 21421667 =990 ##$$a 21421668 =990 ##$$a 21421669 =990 ##$$a 21421671 =990 ##$$a 21421671 =990 ##$$a 21421667 =990 ##$$a 21421668 =990 ##$$a 21421669 =990 ##$$a 21421670